Pesčanaja učiteľnica

Bibliographic Details
Main Author: Platonov, Andrej (Author)
Format: Article
Language:Russian
PhysicalDescription:Obr. 1.
Subjects:

MARC

LEADER 00000nab a2200000 a 4500
001 vtls000393858
003 SK-MaSNL
005 20260303160551.0
008 230223c1990 xo 0 rus
015 |a SNBRB19rr/mm-uuuuu 
035 |a CL0393982 
035 |a urn:nbn:sk:snk-ab6nrk 
035 |a (uuid)2ab12796-1c88-4e51-8b88-36ab6cb61895 
035 |a (urnnbn)urn:nbn:sk:snk:ar-005npd 
035 |a (sysno)vtls000393858 
040 |a SNKBUCL  |b slo  |c SNKBUCL  |e AACR2 
041 0 |a rus 
044 |a xo  |c SK 
080 |a 882-3  |2 1981 
100 1 |a Platonov, Andrej  |4 aut  |9 288838 
245 1 0 |a Pesčanaja učiteľnica  |c Andrej Platonov 
300 |b Obr. 1. 
500 |a V rubrike Literaturnyje stranički. Vl. m. aut.: A. P. Klimentov. 
650 0 7 |a poviedky spoločenské  |2 snkbucl  |9 318463 
650 0 7 |a poviedky psychologické  |2 snkbucl  |9 893883 
655 7 |a články z novín a časopisov  |2 snkbucl  |9 267496 
655 7 |a články z odboru literárna veda a krásna literatúra  |2 snkbucl  |9 770045 
773 0 |t Ruštinár  |g Roč. 25, č. 2 (1990) 
850 |a Slovenská národná knižnica v Martine  |a MTA001 
852 |a SNK  |b KIS3GCP 
958 |a RK 
958 |a LX 
958 |a SU 
958 |a OND 
958 |a EUIPO 
958 |a article27 
992 |a RBX 
999 |c 2046565  |d 2048495